| 000 | 00406nam a22001217a 4500 | ||
|---|---|---|---|
| 082 | _aTHE 200 | ||
| 100 |
_aNasir Sattar _915837 |
||
| 245 | _aTH-SOF-0995-WHEEL LIFTOFF MODELING AND BIFURCATION ANALYSIS FOR THE ROLL DYNAMICS OF A FULL VEHICLE NON LINEAR MODEL | ||
| 260 |
_aNUST COLLEGE OF EME _bISLAMABAD _c2001 |
||
| 650 | _a MS-MECH-68 MSTHESIS | ||
| 700 |
_aDr Syed Waheed-ul-Haq _918639 |
||
| 942 | _cCF | ||
| 999 |
_c578676 _d578676 |
||